[Event "4NCL Division 3n"]
[Site "Redworth Hall ENG"]
[Date "2014.11.15"]
[Round "1.65"]
[White "Walker, David J"]
[Black "Sizeland, Chris M"]
[Result "1-0"]
[WhiteElo "2288"]
[BlackElo "1766"]
[PlyCount "115"]
[EventDate "2014.11.15"]
[WhiteTeam "North East England 1"]
[BlackTeam "Cheddleton 3"]

1. c4 Nf6 2. g3 g6 3. Bg2 Bg7 4. Nc3 O-O 5. e4 d6 6. Nge2 e5 7. O-O Bg4 8. d3
Nc6 9. f3 Be6 10. Be3 Qd7 11. Nd5 Ne7 12. d4 Nfxd5 13. cxd5 Bh3 14. Bxh3 Qxh3
15. Qb3 Qd7 16. Rad1 Kh8 17. dxe5 dxe5 18. Bc5 b6 19. Ba3 Rfd8 20. Nc3 Nc8 21.
Qb5 Nd6 22. Qxd7 Rxd7 23. b3 a6 24. Bb2 Nb5 25. Ne2 Rad8 26. Rc1 f6 27. a4 Nd6
28. Rc6 Bh6 29. Bc1 Bf8 30. Bd2 Kg7 31. Rfc1 Ne8 32. a5 Bc5+ 33. Kg2 Rd6 34.
Rxd6 Bxd6 35. axb6 cxb6 36. Rc6 Rb8 37. Be3 Bc5 38. Bxc5 bxc5 39. Nc1 Kf7 40.
Rxa6 Rc8 41. Ra7+ Rc7 42. Rxc7+ Nxc7 43. Nd3 Na6 44. f4 exf4 45. gxf4 Ke7 46.
Kf3 Kd6 47. Nb2 Nb4 48. Nc4+ Kd7 49. d6 Nc6 50. e5 Nd4+ 51. Ke4 Ke6 52. b4 f5+
53. Kd3 Nf3 54. bxc5 Kd7 55. Na5 Nxh2 56. c6+ Ke6 57. d7 Ke7 58. Nb7 1-0

[Event "4NCL Division 3n"]
[Site "Redworth Hall ENG"]
[Date "2014.11.15"]
[Round "1.66"]
[White "Armstrong, William G"]
[Black "Dunn, Andrew c"]
[Result "0-1"]
[WhiteElo "1857"]
[BlackElo "2225"]
[PlyCount "86"]
[EventDate "2014.11.15"]
[WhiteTeam "Cheddleton 3"]
[BlackTeam "North East England 1"]

1. e4 c6 2. d4 d5 3. e5 Bf5 4. Nd2 e6 5. g4 Bg6 6. Nh3 c5 7. Nf4 Nc6 8. Bb5 Qb6
9. Bxc6+ Qxc6 10. O-O cxd4 11. Nxg6 hxg6 12. Nf3 Bc5 13. Nxd4 Bxd4 14. Qxd4
Qxc2 15. Be3 Qc6 16. Rfc1 Qd7 17. Rc2 Ne7 18. Rac1 Nc6 19. Qf4 d4 20. Rd2 Rd8
21. Rcd1 Nb4 22. Bxd4 Nd5 23. Qg5 b6 24. Bc3 Qe7 25. Qxe7+ Kxe7 26. Rd4 Rc8 27.
R1d3 Rc7 28. Bb4+ Nxb4 29. Rxb4 g5 30. Kg2 Rd8 31. Rxd8 Kxd8 32. Kf3 Rc2 33.
Ke3 Ke7 34. Rb3 Rc5 35. f4 Rc4 36. h3 gxf4+ 37. Kf3 g5 38. a3 f6 39. exf6+ Kxf6
40. Rc3 Rxc3+ 41. bxc3 b5 42. h4 gxh4 43. Kxf4 e5+ 0-1

[Event "4NCL Division 3n"]
[Site "Redworth Hall ENG"]
[Date "2014.11.15"]
[Round "1.68"]
[White "Boswell, Jacob C"]
[Black "Waters, Clive L"]
[Result "0-1"]
[WhiteElo "1638"]
[BlackElo "2123"]
[PlyCount "138"]
[EventDate "2014.11.15"]
[WhiteTeam "Cheddleton 3"]
[BlackTeam "North East England 1"]

1. e4 e5 2. Nf3 d6 3. Bc4 Be7 4. Nc3 Nf6 5. O-O O-O 6. h3 c6 7. d4 b5 8. Bd3 b4
9. Ne2 exd4 10. Nfxd4 c5 11. Nf5 Bxf5 12. exf5 Nc6 13. c3 bxc3 14. Nxc3 d5 15.
b3 Nb4 16. Bb2 Rc8 17. Rc1 Bd6 18. Bb1 Bf4 19. a3 Bxc1 20. Qxc1 Nc6 21. Qg5 d4
22. Ne2 h6 23. Qg3 Re8 24. Nf4 Qc7 25. Nd3 Qxg3 26. fxg3 Ne4 27. g4 Nd2 28. Rd1
Nxb1 29. Rxb1 Ne5 30. Nf4 Rb8 31. b4 Nc4 32. Bc1 Re1+ 33. Kf2 Rh1 34. Nd3 Nd2
35. Rb2 Ne4+ 36. Kf3 c4 37. Kxe4 cxd3 38. Bf4 Rc8 39. Kxd3 Rd1+ 40. Bd2 Rd8 41.
Ra2 Rf1 42. Ke2 Rg1 43. Kf2 Rb1 44. g3 Rb3 45. Bf4 Rc8 46. Bd2 d3 47. Ra1 Re8
48. Re1 Rxe1 49. Kxe1 Rxa3 50. Kf2 a6 51. h4 Kf8 52. Ke3 Ke7 53. Ke4 Kd7 54.
Kd4 f6 55. h5 Kc6 56. Kc4 Ra2 57. Kxd3 Ra3+ 58. Bc3 Kd5 59. Kc2 Kc4 60. Be1
Ra2+ 61. Kd1 Ra1+ 62. Ke2 Rxe1+ 63. Kxe1 Kxb4 64. Kd2 Kb3 65. Kc1 Kc3 66. Kb1
Kd3 67. Ka2 Ke3 68. Ka3 Kf3 69. Ka4 Kxg3 0-1

[Event "4NCL Division 3n"]
[Site "Redworth Hall ENG"]
[Date "2014.11.15"]
[Round "1.75"]
[White "Tyton, Adam"]
[Black "Wallace, Paul A"]
[Result "0-1"]
[WhiteElo "2052"]
[BlackElo "2183"]
[PlyCount "58"]
[EventDate "2014.11.15"]
[WhiteTeam "Manchester Manticores 2"]
[BlackTeam "Cheddleton 2"]

1. e4 e5 2. Nf3 Nc6 3. Bb5 f5 4. Nc3 fxe4 5. Nxe4 d5 6. Nxe5 dxe4 7. Nxc6 Qd5
8. c4 Qd6 9. Qh5+ g6 10. Qe5+ Qxe5 11. Nxe5+ c6 12. Nxc6 a6 13. Ba4 Bd7 14. O-O
Bxc6 15. Bxc6+ bxc6 16. Re1 Nf6 17. d3 Bb4 18. Rd1 exd3 19. Rxd3 O-O 20. Bh6
Rfd8 21. Rad1 Rxd3 22. Rxd3 Re8 23. f3 Re2 24. Rb3 Bc5+ 25. Kf1 Rf2+ 26. Ke1
Rxg2 27. Rb8+ Kf7 28. b4 Bd6 29. c5 Bxb8 0-1

[Event "4NCL Division 3n"]
[Site "Redworth Hall ENG"]
[Date "2014.11.15"]
[Round "1.76"]
[White "Armstrong, Malcolm J"]
[Black "Newton, Robert"]
[Result "0-1"]
[WhiteElo "2095"]
[BlackElo "2012"]
[PlyCount "110"]
[EventDate "2014.11.15"]
[WhiteTeam "Cheddleton 2"]
[BlackTeam "Manchester Manticores 2"]

1. d4 Nf6 2. Nf3 g6 3. g3 Bg7 4. Bg2 d6 5. O-O c6 6. c4 Nbd7 7. Nc3 Qc7 8. e4
O-O 9. h3 a6 10. a4 b6 11. Be3 Bb7 12. Rc1 h6 13. Qd2 Kh7 14. Rfd1 Rad8 15. Qc2
e5 16. d5 c5 17. a5 bxa5 18. Bd2 Rb8 19. Ra1 Bc8 20. Na4 Qd8 21. Ne1 Ne8 22.
Nd3 Ndf6 23. Bc3 Ng8 24. Qd2 f5 25. Bxa5 Qf6 26. Nc3 f4 27. b4 cxb4 28. Bxb4 h5
29. gxf4 Bh6 30. fxe5 dxe5 31. Qe2 Rf7 32. c5 Qg5 33. f4 exf4 34. Qf3 Bg7 35.
Ra2 Bd4+ 36. Kh1 Nh6 37. e5 Bg4 38. hxg4 hxg4 39. Qf1 Rxb4 40. Nxb4 Qh4+ 41.
Bh3 Bxc3 42. e6 Rb7 43. d6 Nf5 44. Qg2 Ng3+ 45. Kh2 Rxb4 46. d7 Rb8 47. e7 Be5
48. d8=Q f3 49. Qd5 fxg2 50. Qxe5 Qxh3+ 51. Kg1 Qh1+ 52. Kf2 g1=Q+ 53. Rxg1
Qf3+ 54. Ke1 Rb1+ 55. Kd2 Rxg1 0-1

[Event "4NCL Division 3n"]
[Site "Redworth Hall ENG"]
[Date "2014.11.15"]
[Round "1.77"]
[White "Taylor, Robert.K"]
[Black "Acey, Gerald"]
[Result "1/2-1/2"]
[WhiteElo "1985"]
[BlackElo "2118"]
[PlyCount "68"]
[EventDate "2014.11.15"]
[WhiteTeam "Manchester Manticores 2"]
[BlackTeam "Cheddleton 2"]

1. e4 e5 2. Nf3 Nc6 3. Nc3 Nf6 4. a3 Be7 5. d4 exd4 6. Nxd4 O-O 7. Be3 d5 8.
exd5 Nxd5 9. Nxc6 bxc6 10. Qf3 Nxe3 11. fxe3 Rb8 12. Bd3 Bh4+ 13. g3 Bf6 14.
O-O Qe7 15. Rab1 Be6 16. Qe4 g6 17. Ne2 Bd5 18. Qxe7 Bxe7 19. c4 Be6 20. Nf4
Bc5 21. Rfe1 Rfd8 22. b4 Be7 23. Rbd1 Bg4 24. Be2 Bf5 25. Rxd8+ Rxd8 26. Rd1
Rxd1+ 27. Bxd1 Bf6 28. Bf3 Bb2 29. Bxc6 Bxa3 30. e4 Bg4 31. Nd5 Kf8 32. Kf2 Be6
33. b5 Bc5+ 34. Kf3 Bxd5 1/2-1/2

[Event "4NCL Division 3n"]
[Site "Redworth Hall ENG"]
[Date "2014.11.15"]
[Round "1.80"]
[White "Zhang, Zheming"]
[Black "Collins, Richard.A"]
[Result "0-1"]
[WhiteElo "1732"]
[BlackElo "1804"]
[PlyCount "126"]
[EventDate "2014.11.15"]
[WhiteTeam "Cheddleton 2"]
[BlackTeam "Manchester Manticores 2"]

1. e4 e5 2. Nf3 Nc6 3. Bc4 Bc5 4. c3 Nf6 5. d3 d6 6. Bb3 h6 7. O-O O-O 8. h3 a6
9. Nbd2 Bd7 10. Re1 Re8 11. Nf1 Bb6 12. Be3 Bxe3 13. Nxe3 Ne7 14. Nd5 Nfxd5 15.
Bxd5 Nxd5 16. exd5 b6 17. Nd2 f5 18. Nc4 Qf6 19. Ne3 Qf7 20. c4 Qg6 21. Kh1 Re7
22. Qd2 Rae8 23. d4 exd4 24. Qxd4 Re4 25. Qc3 Qg5 26. Nc2 Qf4 27. b3 Qxf2 28.
Rf1 Qh4 29. Rae1 Rxe1 30. Rxe1 Rxe1+ 31. Nxe1 Qe4 32. Qd2 f4 33. Nf3 Bxh3 34.
Kh2 Bd7 35. Kg1 Bg4 36. Qd1 Bxf3 37. gxf3 Qe5 38. Qc2 Qe1+ 39. Kg2 Qg3+ 40. Kf1
Qxf3+ 41. Kg1 Qg3+ 42. Kf1 f3 43. Qe4 Qg2+ 44. Ke1 Qe2+ 45. Qxe2 fxe2 46. Kxe2
h5 47. Kf3 g5 48. b4 Kf7 49. Ke4 h4 50. Kf3 Kf6 51. Kg4 Ke5 52. a4 Kd4 53. b5
a5 54. Kh3 Kxc4 55. Kg4 Kxd5 56. Kh3 Ke4 57. Kg4 d5 58. Kh3 d4 59. Kg4 d3 60.
Kh3 d2 61. Kg2 d1=Q 62. Kh2 Kf3 63. Kh3 Qh1# 0-1

[Event "4NCL Division 3n"]
[Site "Redworth Hall ENG"]
[Date "2014.11.15"]
[Round "1.85"]
[White "Jarmany, John"]
[Black "Corcoran, Gary"]
[Result "0-1"]
[WhiteElo "2072"]
[BlackElo "1864"]
[PlyCount "64"]
[EventDate "2014.11.15"]
[WhiteTeam "Manchester Manticores 1"]
[BlackTeam "Bradford DCA Knights C"]

1. e4 c5 2. Nf3 d6 3. Bb5+ Bd7 4. c4 Bxb5 5. cxb5 Nd7 6. Nc3 e6 7. d4 cxd4 8.
Nxd4 Ngf6 9. O-O Be7 10. a4 Rc8 11. Qe2 Qc7 12. Be3 O-O 13. Rfc1 Nc5 14. b4 e5
15. Nf5 Nb3 16. Nd5 Nxc1 17. Nfxe7+ Kh8 18. Qd1 Nxd5 19. Nxd5 Qc4 20. Rxc1 Qxe4
21. Rxc8 Rxc8 22. f3 Qc4 23. Bxa7 Qa2 24. Ne3 d5 25. a5 d4 26. a6 bxa6 27. b6
dxe3 28. b7 Qf2+ 29. Kh1 Rg8 30. b8=Q Rxb8 31. Bxb8 Qd2 32. Qa4 Qe1# 0-1

[Event "4NCL Division 3n"]
[Site "Redworth Hall ENG"]
[Date "2014.11.15"]
[Round "1.87"]
[White "Antal, Laszlo"]
[Black "Dean, Robert A"]
[Result "1/2-1/2"]
[WhiteElo "2163"]
[BlackElo "1854"]
[PlyCount "75"]
[EventDate "2014.11.15"]
[WhiteTeam "Manchester Manticores 1"]
[BlackTeam "Bradford DCA Knights C"]

1. e4 e6 2. d4 d5 3. Nc3 Bb4 4. e5 c5 5. a3 Bxc3+ 6. bxc3 Ne7 7. Qg4 Nbc6 8.
Qxg7 Rg8 9. Qxh7 cxd4 10. cxd4 Nxd4 11. Qd3 Nef5 12. Bb2 Qa5+ 13. Bc3 Qa4 14.
Bxd4 Nxd4 15. O-O-O Nc6 16. Nf3 Bd7 17. Qb3 Qf4+ 18. Qe3 Qxe3+ 19. fxe3 Rc8 20.
Kb2 Ke7 21. h4 Na5 22. Rd4 b5 23. Rf4 Nb7 24. Ng5 Rg7 25. Rh3 Nc5 26. e4 Nxe4
27. Nxe4 dxe4 28. Rxe4 Bc6 29. Re2 Bd5 30. Rd2 a6 31. g3 Rcg8 32. Bg2 Bc4 33.
Bb7 a5 34. Bc6 Rxg3 35. Rd7+ Kf8 36. Rd8+ Ke7 37. Rd7+ Kf8 38. Rd8+ 1/2-1/2

[Event "4NCL Division 3n"]
[Site "Redworth Hall ENG"]
[Date "2014.11.15"]
[Round "1.88"]
[White "Bramson, Mike"]
[Black "Mulleady, Peter.J"]
[Result "0-1"]
[WhiteElo "1847"]
[BlackElo "1899"]
[PlyCount "60"]
[EventDate "2014.11.15"]
[WhiteTeam "Bradford DCA Knights C"]
[BlackTeam "Manchester Manticores 1"]

1. e4 Nf6 2. e5 Nd5 3. d4 d6 4. Bc4 Nb6 5. Bb3 Bf5 6. Qf3 Qc8 7. Qg3 c5 8. dxc5
dxc5 9. c4 Nc6 10. Ne2 Bxb1 11. Rxb1 Qf5 12. Nc3 Qxe5+ 13. Be3 e6 14. f4 Qf5
15. Rd1 Nd4 16. O-O O-O-O 17. Kh1 Be7 18. Nb5 Nxb5 19. cxb5 Nd5 20. Bxd5 exd5
21. Bxc5 Bxc5 22. Rc1 Kb8 23. Rxc5 b6 24. Rc6 d4 25. a4 Rhe8 26. Qf2 Qd3 27. f5
Qe3 28. Qg3+ Qxg3 29. hxg3 d3 30. Rd1 d2 0-1

[Event "4NCL Division 3n"]
[Site "Redworth Hall ENG"]
[Date "2014.11.15"]
[Round "1.89"]
[White "Lyth, John.D"]
[Black "Mahoney, Nicholas"]
[Result "1-0"]
[WhiteElo "2016"]
[BlackElo "1764"]
[PlyCount "89"]
[EventDate "2014.11.15"]
[WhiteTeam "Manchester Manticores 1"]
[BlackTeam "Bradford DCA Knights C"]

1. d4 Nf6 2. Nf3 c5 3. d5 b5 4. Bg5 Ne4 5. Bf4 f5 6. e3 Bb7 7. Be2 Qb6 8. O-O
d6 9. Na3 a6 10. c4 b4 11. Nc2 a5 12. Bd3 Bc8 13. Ng5 Nxg5 14. Bxg5 g6 15. e4
fxe4 16. Bxe4 Nd7 17. Qe2 Ne5 18. Rfe1 Bd7 19. f4 h6 20. Bh4 g5 21. Qh5+ Nf7
22. Bg3 O-O-O 23. Qxf7 Be8 24. Bf5+ Kb8 25. Qe6 Bg7 26. Rab1 Rf8 27. Qe4 Bf6
28. fxg5 hxg5 29. Rf1 Qb7 30. Be6 Bd7 31. h3 Bxe6 32. Qxe6 Kc7 33. Ne3 Rd7 34.
Ng4 Bd4+ 35. Bf2 Bxf2+ 36. Rxf2 Rxf2 37. Nxf2 b3 38. a3 Qa6 39. Rc1 a4 40. Qe3
Qa8 41. Qxg5 Qh8 42. Qd2 Kb6 43. Qc3 Qh4 44. Ng4 Rd8 45. Rf1 1-0

[Event "4NCL Division 3n"]
[Site "Redworth Hall ENG"]
[Date "2014.11.15"]
[Round "1.95"]
[White "Hilton, Tim"]
[Black "Edwards-Wright, Miles D"]
[Result "1/2-1/2"]
[WhiteElo "1760"]
[BlackElo "1937"]
[PlyCount "52"]
[EventDate "2014.11.15"]
[WhiteTeam "Manchester Manticores 3"]
[BlackTeam "Bradford DCA Knights B"]

1. d4 g6 2. e4 Bg7 3. Nc3 d6 4. f4 e6 5. Nf3 Ne7 6. Be3 Nd7 7. Be2 b6 8. O-O
Bb7 9. Kh1 Nf6 10. Bd3 d5 11. e5 Ne4 12. Bxe4 dxe4 13. Ng5 Nf5 14. Qd2 h6 15.
Ngxe4 Qh4 16. Qf2 Qg4 17. Qf3 Qxf3 18. Rxf3 O-O-O 19. Rd1 g5 20. fxg5 Bxe5 21.
gxh6 c5 22. dxe5 Rxd1+ 23. Nxd1 Bxe4 24. Rh3 Bxc2 25. Nc3 Nxe3 26. Rxe3 Rxh6
1/2-1/2

[Event "4NCL Division 3n"]
[Site "Redworth Hall ENG"]
[Date "2014.11.15"]
[Round "1.96"]
[White "Nicholson, Jim WR"]
[Black "Taylor, Mark"]
[Result "1-0"]
[WhiteElo "1989"]
[BlackElo "1892"]
[PlyCount "97"]
[EventDate "2014.11.15"]
[WhiteTeam "Bradford DCA Knights B"]
[BlackTeam "Manchester Manticores 3"]

1. d4 Nf6 2. Nf3 e6 3. Bg5 Be7 4. Nbd2 d5 5. e3 Nbd7 6. Bd3 c5 7. c3 a6 8. a4
b6 9. O-O Bb7 10. Qb1 h6 11. Bh4 O-O 12. b4 c4 13. Bc2 b5 14. a5 Re8 15. Bg3
Qc8 16. Ne5 Nxe5 17. dxe5 Nd7 18. f4 f5 19. exf6 Bxf6 20. Bh7+ Kh8 21. Bg6 Bxc3
22. Bxe8 Qxe8 23. Ra2 Qe7 24. Nf3 Qxb4 25. Qg6 Rf8 26. Qxe6 Nc5 27. Qe7 Kg8 28.
Be1 Bxe1 29. Nxe1 Rf7 30. Qe5 Nb3 31. Nf3 Qf8 32. Rd1 Re7 33. Qc3 Re4 34. Nd4
Nc5 35. Re2 Na4 36. Qa1 Kh8 37. Rde1 Kg8 38. g4 Bc8 39. Rg2 Bd7 40. g5 h5 41.
f5 c3 42. f6 g6 43. Qa2 Qc5 44. Qf2 Kf7 45. Qg3 Rg4 46. Qb8 Rxg2+ 47. Kxg2 Bc8
48. Qe5 Nb2 49. Nc6 1-0

[Event "4NCL Division 3n"]
[Site "Redworth Hall ENG"]
[Date "2014.11.15"]
[Round "1.97"]
[White "Lonsdale, Jon.I"]
[Black "McCarthy, Damian"]
[Result "1/2-1/2"]
[WhiteElo "1780"]
[BlackElo "1847"]
[PlyCount "101"]
[EventDate "2014.11.15"]
[WhiteTeam "Manchester Manticores 3"]
[BlackTeam "Bradford DCA Knights B"]

1. e4 c5 2. c3 d5 3. exd5 Qxd5 4. d4 Nc6 5. Nf3 Bg4 6. dxc5 Qxd1+ 7. Kxd1 e5 8.
b4 a5 9. Bb5 Nge7 10. Nbd2 axb4 11. c4 O-O-O 12. Bb2 e4 13. h3 exf3 14. hxg4
fxg2 15. Rg1 h5 16. Rxg2 Nd4 17. Bxd4 Rxd4 18. gxh5 Rxh5 19. Kc2 Nc6 20. a3 Rf5
21. Bxc6 bxc6 22. axb4 Kb7 23. Re1 g6 24. Rh2 Rd7 25. f3 Be7 26. Rh3 Bg5 27.
Ne4 Bf4 28. Rd1 Rxd1 29. Kxd1 Rh5 30. Rxh5 gxh5 31. Ke2 Kc7 32. Kf1 Bc1 33. b5
cxb5 34. cxb5 Ba3 35. Kg2 f5 36. Nd6 Bxc5 37. Nxf5 Kb6 38. Kh3 Kxb5 39. Kh4 Kc6
40. Kxh5 Kd7 41. Kg6 Ke8 42. Ng7+ Ke7 43. f4 Ba3 44. f5 Bb2 45. Ne6 Ba1 46. Ng5
Kf8 47. Ne4 Bb2 48. Nf2 Bd4 49. Ne4 Bb2 50. Nf6 Ba1 51. Nd7+ 1/2-1/2

[Event "4NCL Division 3n"]
[Site "Redworth Hall ENG"]
[Date "2014.11.15"]
[Round "1.98"]
[White "Slinger, AJ (Tony)"]
[Black "Norris, Michael.J"]
[Result "1-0"]
[WhiteElo "1941"]
[BlackElo "1889"]
[PlyCount "65"]
[EventDate "2014.11.15"]
[WhiteTeam "Bradford DCA Knights B"]
[BlackTeam "Manchester Manticores 3"]

1. c4 Nf6 2. g3 c6 3. Nf3 d5 4. Bg2 g6 5. O-O Bg7 6. d4 O-O 7. Nc3 dxc4 8. Ne5
Nbd7 9. Nxc4 Nb6 10. Ne5 Nfd5 11. Nf3 Bg4 12. h3 Bxf3 13. Bxf3 e5 14. Nxd5 Nxd5
15. dxe5 Bxe5 16. Qb3 Nb6 17. a4 Qc7 18. Kg2 Rad8 19. Bg5 Rd7 20. Rfd1 Kg7 21.
a5 Nc8 22. Rxd7 Qxd7 23. a6 b6 24. Qc2 c5 25. Rd1 Qc7 26. Qd2 Re8 27. b3 Nd6
28. Bh6+ Kg8 29. Bd5 Bg7 30. Bf4 Be5 31. Bf3 Bxf4 32. Qxf4 Nb5 33. Qa4 1-0

[Event "4NCL Division 3n"]
[Site "Redworth Hall ENG"]
[Date "2014.11.15"]
[Round "1.189"]
[White "Turner, John M"]
[Black "Robertson, David J"]
[Result "1-0"]
[WhiteElo "2028"]
[BlackElo "1948"]
[PlyCount "117"]
[EventDate "2014.11.15"]
[WhiteTeam "Holmes Chapel"]
[BlackTeam "Spirit of Atticus B"]

1. e4 c5 2. Nc3 a6 3. Nf3 Nc6 4. d4 cxd4 5. Nxd4 e6 6. Be3 Qc7 7. Nxc6 bxc6 8.
Bd3 Nf6 9. O-O d5 10. Qe2 Be7 11. f4 O-O 12. Rae1 Re8 13. Kh1 Rb8 14. e5 Nd7
15. Na4 c5 16. c4 Nf8 17. b3 d4 18. Bc1 Bd7 19. Nb2 f5 20. Bc2 Bc6 21. Nd3 Ng6
22. Kg1 Ba8 23. Rd1 Qc6 24. Ne1 Nh4 25. Rd3 Kh8 26. Rh3 Rbd8 27. Qf2 Ng6 28.
Bd1 Qc8 29. Bh5 Kg8 30. Nd3 Be4 31. Rd1 Rf8 32. Qe2 Nh4 33. Rg3 g6 34. Qf2 Kh8
35. Be2 Qc6 36. Bf1 g5 37. fxg5 f4 38. Rg4 Ng6 39. Bxf4 Rf5 40. Qg3 Rdf8 41.
Bc1 R5f7 42. h4 Bd8 43. h5 Ne7 44. Rf4 Nf5 45. Qg4 Bxd3 46. Bxd3 Bxg5 47. Be4
Bxf4 48. Bxc6 Be3+ 49. Kh2 Rg7 50. Qe2 Ng3 51. Qd3 Rf5 52. Bxe3 Rxh5+ 53. Kg1
Rh1+ 54. Kf2 Rxd1 55. Qxd1 dxe3+ 56. Kxe3 Nf5+ 57. Kf2 Nd4 58. Bf3 Rg5 59. b4
1-0

[Event "4NCL Division 3n"]
[Site "Redworth Hall ENG"]
[Date "2014.11.15"]
[Round "1.192"]
[White "Latham, David"]
[Black "Doran, Chris"]
[Result "1/2-1/2"]
[WhiteElo "2070"]
[BlackElo "2002"]
[PlyCount "85"]
[EventDate "2014.11.15"]
[WhiteTeam "Spirit of Atticus B"]
[BlackTeam "Holmes Chapel"]

1. Nf3 Nf6 2. d4 g6 3. g3 Bg7 4. Bg2 O-O 5. c4 d6 6. Nc3 Nc6 7. d5 Na5 8. Nd2
c5 9. a3 Ng4 10. Qc2 Ne5 11. b3 a6 12. Rb1 Rb8 13. h3 b5 14. f4 Nd7 15. O-O
bxc4 16. Nxc4 Nxc4 17. bxc4 Nb6 18. Ne4 Bd7 19. Bb2 Bxb2 20. Rxb2 Qc7 21. Rfb1
Ba4 22. Qd3 Nd7 23. Nc3 Qa5 24. e4 Rxb2 25. Rxb2 Rb8 26. Rxb8+ Nxb8 27. e5 Bd7
28. Ne4 Qe1+ 29. Kh2 Bf5 30. exd6 Bxe4 31. Bxe4 exd6 32. Bg2 Nd7 33. Qb3 Qa5
34. g4 Qb6 35. Qc3 Qd8 36. g5 Qe7 37. h4 Nb6 38. Qb3 Qc7 39. Bh3 Kg7 40. Qc3+
Kg8 41. Bg4 Qe7 42. Qb3 Qe1 43. Qxb6 1/2-1/2

[Event "4NCL Division 3n"]
[Site "Redworth Hall ENG"]
[Date "2014.11.15"]
[Round "1.195"]
[White "Lowick Higgie, Charles L"]
[Black "Mort, Andrew J"]
[Result "1/2-1/2"]
[WhiteElo "1839"]
[BlackElo "1969"]
[PlyCount "60"]
[EventDate "2014.11.15"]
[WhiteTeam "Holmes Chapel"]
[BlackTeam "Spirit of Atticus B"]

1. d4 d5 2. c4 e6 3. Nc3 c5 4. cxd5 cxd4 5. Qxd4 Nc6 6. Qd1 exd5 7. Qxd5 Be6 8.
Qxd8+ Rxd8 9. e3 Nb4 10. Bb5+ Ke7 11. Rb1 a6 12. Be2 Nxa2 13. Nxa2 Bxa2 14. Ra1
Bd5 15. Nf3 Nf6 16. O-O Ne4 17. Nd4 f6 18. f3 Nd6 19. b3 Kf7 20. e4 Be6 21. Bb2
Be7 22. Bd3 Nb5 23. Bxb5 axb5 24. Nxe6 Kxe6 25. Rfd1 Bc5+ 26. Kf1 Rxd1+ 27.
Rxd1 Ra8 28. Ra1 Ra6 29. Ke2 Bd6 30. g3 Be5 1/2-1/2

[Event "4NCL Division 3n"]
[Site "Redworth Hall ENG"]
[Date "2014.11.15"]
[Round "1.191"]
[White "Johnson, Michael D"]
[Black "White, Mark W"]
[Result "0-1"]
[WhiteElo "2064"]
[BlackElo "2069"]
[PlyCount "126"]
[EventDate "2014.11.15"]
[WhiteTeam "Spirit of Atticus B"]
[BlackTeam "Jorvik"]

1. Nf3 Nf6 2. g3 d6 3. d4 g6 4. Bg2 Bg7 5. O-O O-O 6. c4 c6 7. Nc3 Nbd7 8. b3
Qc7 9. Qc2 e5 10. dxe5 Nxe5 11. Nxe5 dxe5 12. Bg5 Bf5 13. e4 Be6 14. Rad1 h6
15. Bc1 Kh7 16. Ba3 Rfd8 17. Rxd8 Rxd8 18. Rd1 Qa5 19. Rxd8 Qxd8 20. Bc1 Qd7
21. Qd2 Bf8 22. Nd1 Bg4 23. Ne3 Qxd2 24. Bxd2 Be2 25. Bc3 Bd6 26. b4 b6 27. f3
Bd3 28. Kf2 Nh5 29. Bh3 Ng7 30. Bd7 c5 31. b5 f5 32. exf5 gxf5 33. Ke1 f4 34.
gxf4 exf4 35. Kd2 Bb1 36. Nd1 Bxa2 37. Nb2 Bb1 38. Ke2 Kg6 39. Nd1 Kf7 40. Bc6
Nf5 41. Nf2 Ne3 42. Ne4 Ke6 43. Nxd6 Kxd6 44. Bg7 Nf5 45. Bf8+ Ke5 46. Bd7 Nd4+
47. Kf2 Bd3 48. Bxh6 Bxc4 49. Bg7+ Kd6 50. Bg4 Bxb5 51. h4 Bd7 52. Bf8+ Kc7 53.
Bh6 Ne6 54. Bxe6 Bxe6 55. Bxf4+ Kc6 56. Ke3 Kd5 57. Kd3 b5 58. Be3 a5 59. Kc3
a4 60. Kb2 b4 61. h5 c4 62. Bd2 a3+ 63. Kc2 a2 0-1

[Event "4NCL Division 3n"]
[Site "Redworth Hall ENG"]
[Date "2014.11.15"]
[Round "1.194"]
[White "Nezis, Anastasios"]
[Black "Connor, Stephen J"]
[Result "1/2-1/2"]
[WhiteElo "1941"]
[BlackElo "2004"]
[PlyCount "62"]
[EventDate "2014.11.15"]
[WhiteTeam "Jorvik"]
[BlackTeam "Spirit of Atticus B"]

1. e4 c5 2. Nf3 Nc6 3. d3 d6 4. g3 g6 5. Bg2 Bg7 6. O-O e6 7. c3 Nge7 8. Nbd2
O-O 9. h4 e5 10. a4 Bg4 11. Nc4 Qd7 12. Kh2 h6 13. Ne3 Be6 14. Ng1 d5 15. c4
dxc4 16. dxc4 Nd4 17. Nd5 f5 18. Bh3 Rad8 19. f3 fxe4 20. Bxe6+ Qxe6 21. fxe4
Rxf1 22. Qxf1 Rf8 23. Qg2 Nec6 24. Be3 Na5 25. Rc1 b6 26. Rc3 Kh7 27. Rc1 Nac6
28. Rf1 Rxf1 29. Qxf1 Na5 30. Bd2 Nac6 31. Bc3 Kg8 1/2-1/2

[Event "4NCL Division 3n"]
[Site "Redworth Hall ENG"]
[Date "2014.11.16"]
[Round "2.55"]
[White "Wallace, Paul A"]
[Black "Walker, David J"]
[Result "0-1"]
[WhiteElo "2183"]
[BlackElo "2288"]
[PlyCount "110"]
[EventDate "2014.11.16"]
[WhiteTeam "Cheddleton 2"]
[BlackTeam "North East England 1"]

1. e4 e6 2. d4 d5 3. Nd2 Be7 4. Bd3 c5 5. dxc5 Nf6 6. Qe2 Nc6 7. Ngf3 Bxc5 8.
e5 Nd7 9. Nb3 Bb6 10. c3 f6 11. exf6 Nxf6 12. O-O O-O 13. Bg5 Qd6 14. Nbd4 Nxd4
15. cxd4 Bd7 16. Rad1 Ne4 17. Be3 Ba4 18. Rc1 a6 19. a3 Qe7 20. Ne5 Nf6 21.
Rfe1 Rac8 22. Qf3 g6 23. Qh3 Rxc1 24. Rxc1 Re8 25. Qh6 Qg7 26. Qh4 Nd7 27. Bh6
Qf6 28. Bg5 Qg7 29. Nxd7 Bxd7 30. Bf6 Qf7 31. Be5 Rc8 32. Rxc8+ Bxc8 33. Qg5
Bd7 34. h4 Bb5 35. Bb1 Kf8 36. h5 gxh5 37. Qh6+ Kg8 38. Qg5+ Kf8 39. Qh6+ Kg8
40. Bxh7+ Qxh7 41. Qxe6+ Qf7 42. Qxb6 Kh7 43. Qd8 Kg6 44. f3 Bd3 45. Kf2 Kh7
46. Kg1 Kg6 47. Kh2 Bf1 48. Kg3 Kf5 49. Kf2 Bb5 50. Qd6 Be8 51. Kg1 Bd7 52. Kh2
Be6 53. Qd8 Qg6 54. Kh3 Qg5 55. Qf8+ Kg6+ {
Discovered check missed by White and queen touched.} 0-1

[Event "4NCL Division 3n"]
[Site "Redworth Hall ENG"]
[Date "2014.11.16"]
[Round "2.56"]
[White "Dunn, Andrew c"]
[Black "Armstrong, Malcolm J"]
[Result "1/2-1/2"]
[WhiteElo "2225"]
[BlackElo "2095"]
[PlyCount "89"]
[EventDate "2014.11.16"]
[WhiteTeam "North East England 1"]
[BlackTeam "Cheddleton 2"]

1. d4 d5 2. Bf4 c5 3. c3 Qb6 4. Qc1 Nf6 5. e3 Bf5 6. h3 e6 7. Nf3 Nbd7 8. a4
Bd6 9. a5 Qc7 10. Bxd6 Qxd6 11. a6 b6 12. Nbd2 h6 13. Be2 O-O 14. g4 Be4 15.
Rg1 e5 16. g5 hxg5 17. Rxg5 exd4 18. exd4 Rfe8 19. Nxe4 Rxe4 20. Kf1 Qe6 21.
Ng1 Re8 22. Bf3 cxd4 23. Bxe4 Nxe4 24. Rg2 dxc3 25. bxc3 Rc8 26. Qb2 Ne5 27. c4
Rxc4 28. Nf3 f6 29. Nxe5 fxe5 30. Rd1 d4 31. Re1 Qxh3 32. Rxe4 Qh1+ 33. Ke2
Qxg2 34. Rxe5 Qg4+ 35. Kf1 Qf4 36. Qb3 Qxe5 37. Qxc4+ Kh7 38. Qd3+ Kh6 39. Qh3+
Kg5 40. Qd7 Kf4 41. Qxa7 Qb5+ 42. Kg2 Qg5+ 43. Kf1 Qb5+ 44. Kg2 Qg5+ 45. Kf1
1/2-1/2

[Event "4NCL Division 3n"]
[Site "Redworth Hall ENG"]
[Date "2014.11.16"]
[Round "2.57"]
[White "Acey, Gerald"]
[Black "Dargan, Paul AG"]
[Result "0-1"]
[WhiteElo "2118"]
[BlackElo "2133"]
[PlyCount "68"]
[EventDate "2014.11.16"]
[WhiteTeam "Cheddleton 2"]
[BlackTeam "North East England 1"]

1. d4 Nf6 2. Nf3 e6 3. g3 c5 4. Bg2 Nc6 5. O-O d5 6. c4 Be7 7. cxd5 exd5 8. Nc3
O-O 9. Bg5 cxd4 10. Nxd4 Re8 11. Rc1 h6 12. Be3 Bf8 13. Na4 Ng4 14. Nxc6 bxc6
15. Bc5 Ba6 16. Bxf8 Bxe2 17. Qd4 Kxf8 18. Rfe1 Qf6 19. Qc5+ Kg8 20. h3 Bb5 21.
hxg4 Bxa4 22. b3 Bb5 23. a4 Bd3 24. Rxe8+ Rxe8 25. Qxc6 Re1+ 26. Kh2 Rxc1 27.
Qxc1 Qxf2 28. Kh3 Be2 29. Qc8+ Kh7 30. Qd7 d4 31. Qxa7 Bf1 32. Qb7 d3 33. Qe4+
g6 34. Kh4 Qxg2 0-1